Normal view
MARC view
Entry Topical Term
001 - CONTROL NUMBER
- control field: 18800
003 - CONTROL NUMBER IDENTIFIER
- control field: ARRUPE
005 - DATE AND TIME OF LATEST TRANSACTION
- control field: 20150826114717.0
008 - FIXED-LENGTH DATA ELEMENTS
- fixed length control field: 150826|| aca||aabn | a|a d
040 ## - CATALOGING SOURCE
- Original cataloging agency: ARRUPE
- Transcribing agency: ARRUPE
150 ## - HEADING--TOPICAL TERM
- Topical term or geographic name as entry element: Knowledge, Theory of.
670 ## - SOURCE DATA FOUND
- Source citation: Work cat.: (ARRUPE)0: Cowan, Philip A. 18799, Piaget :, c1978.